Elle, Ludwig. Sprachenpolitik in der Lausitz. - Bautzen : Domowina-Verl.. - 1995 [Rezension]

Titel: Elle, Ludwig. Sprachenpolitik in der Lausitz. - Bautzen : Domowina-Verl.. - 1995 [Rezension]
Verfasser:
In: Neues Archiv für sächsische Geschichte, Band 67 (1996), Seite 450-454
alle Artikel anzeigen
Veröffentlicht: 1996 [1997]
Format: Aufsatz
Sprache: Deutsch
Kein Bild verfügbar
X
alg: 39502753
001A    $01999:12-11-16 
001B    $01999:04-08-21 $t21:02:30.000 
001D    $01999:12-11-16 
001U    $0utf8 
001X    $00 
002@    $0Aox 
003@    $0395027535 
007A    $0395027535 $aHEB 
007T    $0Herd13178 
010@    $ager 
011@    $a1996 $n1996 [1997] 
021A    $aElle, Ludwig. Sprachenpolitik in der Lausitz. - Bautzen : Domowina-Verl.. -  1995 [Rezension] 
028A    $aGutschmidt $dKarl 
031A    $d67 $h450-454 $j1996 
039B    $aIn $8--Abvc--. Neues Archiv für sächsische Geschichte. - Neustadt a.d. Aisch : Schmidt, 1880-. - ISSN 0944-8195 $x199600000670000550 $9047449519 
039T    $8--Aay--Elle, Ludwig$Z1952- [Tp1]. Sprachenpolitik in der Lausitz. - 1. Aufl.. - Bautzen : Domowina-Verl., 1995. - 280 S.. - ISBN 3-7420-1628-8 $9046270698 
045F    $a900.9438 $eDDC23BSB 
045F/01 $a900 
045F/03 $g438 
045F/03 $g4385 
045T    $a8,1 

lok: 39502753 78

exp: 39502753 78 1 #EPN
201B/01 $018-11-16 $t13:31:44.000 
201U/01 $0utf8 
203@/01 $0791326144 
208@/01 $a12-11-16 $be 
209A/01 $a/ $f000 $x00 
220C/01 $aTitelaufnehmer: nk;hi 
244Z/01 $2Trx $#Silesia $#Śląsk $#Sliezsko $#Slezsko $8--Trx--Schlesien $x01 $9391173987 
244Z/01 $2Trx $#Poola $#Lenkija $#Polija $#Polen Land $#Poland $#Lengyelország $#Poľsko $#Polsko $8--Trx--Polska$gkraj $x02 $9391345966 
244Z/01 $2Trx $#arvustused $#recenzijos $#Reviews $#recenziók $#recenzje $#recenzie $#recenze $8--Trx--Rezensionen $x03 $9391357441 
247C/01 $82080>Marburg/Lahn, Herder-Institut, Forschungsbibliothek, Bibliographieportal $9336309341
LEADER 00000caa a22000002c 4500
001 395027535
003 DE-603
005 20210804210230.0
007 tu
008 161112s1996 xx |||| | u00||u|ger c
035 |a (DE-599)HEB395027535 
040 |a DE-603  |b ger  |c DE-603  |d DE-603 
041 |a ger 
082 0 4 |8 1\u  |a 900.9438  |q DE-101  |2 23/BSB 
084 |a 8,1  |2 ssgn 
085 |8 1\u  |b 900 
085 |8 1\u  |z 2  |s 438 
085 |8 1\u  |z 2  |s 4385 
100 1 |a Gutschmidt, Karl 
245 0 0 |a Elle, Ludwig. Sprachenpolitik in der Lausitz. - Bautzen : Domowina-Verl.. - 1995 [Rezension] 
264 0 |c 1996 [1997] 
773 0 8 |i In  |t Neues Archiv für sächsische Geschichte  |d Neustadt a.d. Aisch : Schmidt, 1880-  |x 0944-8195  |g Band 67 (1996), Seite 450-454  |w (DE-603)047449519  |w (DE-600)280274-0 
787 0 8 |i Rezension von  |a Elle, Ludwig, 1952-  |t Sprachenpolitik in der Lausitz  |b 1. Aufl.  |d Bautzen : Domowina-Verl., 1995  |h 280 S.  |z 3742016288  |w (DE-603)046270698 
924 0 |9 2080  |a (DE-603)791326144  |b DE-2080  |c HES  |d d  |g /